| 000 | 00594nam a2200217Ia 4500 | ||
|---|---|---|---|
| 005 | 20140407104424.0 | ||
| 008 | 140130s9999 xx 000 0 und d | ||
| 020 | _a9788953911680 | ||
| 050 |
_aPZ 7 _b.B7572To 1997 |
||
| 100 |
_aBrewster, Patience. _931410 |
||
| 245 |
_cPatience Brewster. _aToo many puppies (w/cd) / |
||
| 260 |
_bScholastic Inc., _cc1997. _aUSA : |
||
| 300 |
_a30 p. : _bcol. ill. ; _c23 cm. |
||
| 440 | _v1 | ||
| 521 | _aG2 | ||
| 526 | _c420 | ||
| 650 |
_aDogs _xFiction. _931411 |
||
| 650 |
_a Animals _xInfancy _xFiction. _931412 |
||
| 942 |
_cBK _2lcc |
||
| 999 |
_c41695 _d41695 |
||